000 00570nam a2200181 4500
008 021115s2000 us 1 eng
020 _a0310494206
090 0 _aBS491.2
_bN64
_bIICor
100 1 _aHafemann, Scott J.
245 1 0 _a2 Corinthians /
_cScott J. Hafemann.
260 _aMichigan :
_bZondervan,
_cc2000.
300 _a536 p.
490 1 _aThe NIV application commentary
504 _aIncludes index
650 4 _aBible. N.T. Corinthians, 2nd
_xCommentaries.
950 0 _24.99/10.00
951 _p25415
_oBS491.2/N64/IICor
_j070613111201218
_d2000-12-21
_cREF
999 _c13678
_d13678